[Event "Dulles Skyline op-B"]
[Site "Dulles"]
[Date "2022.10.09"]
[Round "3"]
[White "Karell, Leif K"]
[Black "Deng, Michael"]
[Result "1-0"]
[WhiteElo "1727"]
[BlackElo "1527"]
[PlyCount "55"]
[EventDate "2022.10.08"]
[EventType "swiss"]
[EventRounds "6"]
[EventCountry "USA"]
[SourceTitle "CBM 210 Extra"]
[Source "ChessBase"]
[SourceDate "2022.11.30"]
[SourceVersion "1"]
[SourceVersionDate "2022.11.30"]
[SourceQuality "1"]

1. e4 c5 2. Nf3 d6 3. d4 cxd4 4. Nxd4 Nf6 5. Nc3 g6 6. f4 Nc6 7. Be3 Bg7 8. Be2 0-0 9. Nb3 Be6 10. 0-0 a6 11. Bf3 Qc7 12. Nd5 Bxd5 13. exd5 Nb8 14. Qd2 Nbd7 15. Qf2 Rac8 16. c3 Nc5 17. Rad1 b5 18. Nd4 Nfd7 19. Nc6 Rfe8 20. Bd4 e6 21. Bxg7 Kxg7 22. dxe6 Rxe6 23. Bd5 Ree8 24. f5 f6 25. Nd4 Ne5 26. fxg6 hxg6 27. Qxf6+ Kh7 28. Rf4 1-0